India's turn : (Record no. 19440)

MARC details
000 -LEADER
fixed length control field 00910nam a22002415a 4500
005 - DATE AND TIME OF LATEST TRANSACTION
control field 20080812020928.0
008 - FIXED-LENGTH DATA ELEMENTS--GENERAL INFORMATION
fixed length control field 080724s2008 ii a b 001 0 eng
010 ## - LCCN (DPL NO)
LC control number ENG-91983
020 ## - INTERNATIONAL STANDARD BOOK NUMBER
International Standard Book Number 9780195693546
Terms of availability 595.00
020 ## - INTERNATIONAL STANDARD BOOK NUMBER
International Standard Book Number 019569354X
Terms of availability 595.00
035 ## - SYSTEM CONTROL NUMBER
System control number EN-75516
037 ## - SOURCE OF ACQUISITION
Source of stock number/acquisition DBAD / PUB
040 ## - CATALOGING SOURCE
Original cataloging agency dpl
Language of cataloging English
082 ## - DEWEY DECIMAL CLASSIFICATION NUMBER
Classification number 338.954
245 ## - TITLE STATEMENT
Title India's turn :
Remainder of title understanding the economic transformation /
Statement of responsibility, etc edited by Arvind Subramanian.
260 ## - PUBLICATION, DISTRIBUTION, ETC. (IMPRINT)
Place of publication, distribution, etc New Delhi
Name of publisher, distributor, etc Oxford University Press
Date of publication, distribution, etc 2008
300 ## - PHYSICAL DESCRIPTION
Extent xlii, 237 p. :
Other physical details ill. ;
Dimensions 24 cm (Hb)
500 ## - GENERAL NOTE
General note Includes index.
651 ## - SUBJECT ADDED ENTRY--GEOGRAPHIC NAME
Geographic name India
General subdivision Economic policy
Chronological subdivision 1991-
700 ## - ADDED ENTRY--PERSONAL NAME
Personal name Subramanian, Arvind.
942 ## - ADDED ENTRY ELEMENTS (KOHA)
Source of classification or shelving scheme Dewey Decimal Classification
Item type English Books
Call number suffix IND
Classification part 338.954
Holdings
Withdrawn status Lost status Source of classification or shelving scheme Damaged status Not for loan Collection code Home library Current library Date acquired Source of acquisition Cost, normal purchase price Total Checkouts Full call number Barcode Date last seen Copy number Cost, replacement price Koha item type
    Dewey Decimal Classification   Not For Loan Non-fiction D.B.Act.Division D.B.Act.Division 03/12/2008 DBAD / PUB 595.00   338.954 IND EN-75516 03/12/2008 1 595.00 English Books

© Delhi Public Library
Hit Counter
free hit counter